Estadísticas para Películas animadas en emojis (Parte 2)

Haz click aquí para intentar la prueba.

Estadísticas generales

  • Esta prueba ha sido intentada 276 veces
  • La puntuación promedio es 21 de 32

Estadísticas de respuestas

Respuesta% Correcto
Blancanieves
97%
El rey león
97%
Coco
95%
Aladdin
93%
Cars
92%
Peter Pan
92%
La sirenita
90%
Ratatouille
89%
Dumbo
85%
La bella durmiente
85%
Madagascar
85%
El gato con botas
83%
Zootopia / Zootrópolis
83%
La bella y la bestia
81%
Brave / Indomable / Valiente
79%
Hércules
79%
El expreso polar / Polar Express
74%
WALL-E
68%
Tarzán
67%
Bambi
65%
Toy Story
63%
Chicken Little
61%
Pesadilla antes de navidad / El extraño mundo de Jack
59%
La princesa y el sapo
57%
Encanto
54%
Big Hero 6 / Grandes héroes
45%
El emperador y sus locuras / Las locuras del emperador
40%
James y el melocotón gigante / Jim y el durazno gigante
16%
Pinocho
11%
Nicky / Kiki
9%
El increíble castillo vagabundo / El castillo ambulante
8%
El viaje de Chihiro
3%

Distribución de puntuación

Porcentaje por número respondido

Porcentaje de gente con cada puntuación

Historial de tus puntuaciones

No has intentado esta prueba.